000 00446nam a2200181Ia 4500
005 20250423101655.0
008 250422s9999 xx 000 0 und d
020 _a978-975-9007-78-2
050 _aPZ 7 .C44 W373/
100 _aChekhov, Anton Pavlovich
245 0 _aWard 6
260 _aAnkara
260 _bAlter
260 _c2007
300 _a96 p
650 _aEnglish language -- Study and teaching Readers - Stage 6
942 _cBK
999 _c36945
_d36945